000 01431cad a22002655a 4500
001 L151783
005 20240827161209.0
008 101210s2010 xxk f 000 0 eng d
020 _a 9781842196335
035 _a(Sirsi) u151783
041 0 _aeng
050 0 4 _a346.4104343 $2 18
110 2 _aRoyal Institution of Chartered Surveyors
_94900
245 0 0 _aInsurance for commercial property managers
_h[archived]
260 _aCoventry
_bRICS
_c2010
300 _aviii, 68p.
_c30cm.
490 0 _aRICS Guidance Note
_vGN 62/2010
520 _aThis guidance note is designed to outline best practice for property professionals dealing with insurances for commercial property owners.
520 _aThis document has been archived and is available on isurv for information purposes only. This guidance note was designed to outline best practice for property professionals dealing with insurances for commercial property owners. Since this guidance was published, the former FSA has become two separate regulatory authorities, the FCA and the PRA. There are no plans for a replacement document specifically for insurance of commercial property.
590 _aKA
651 4 _aUnited Kingdom
690 _aMANAGEMENT-BUSINESS MANAGEMENT-INSURANCE
856 4 1 _uhttps://www.isurv.com/downloads/download/1266/insurance_for_commercial_property_managers_archived
_zArchived on isurv (subscription required)
942 _n0
_2ddc
999 _c111618
_d111618